[Event "Azerbaijan Championship 2021"]
[Site "Nakhchivan"]
[Date "2021.05.06"]
[Round "3.6"]
[White "Gadimbayli, Abdulla"]
[Black "Muradli, Mahammad"]
[Result "0-1"]
[WhiteElo "2470"]
[BlackElo "2449"]
[Annotator "TA"]
[PlyCount "62"]
[EventDate "2021.05.04"]
[EventType "tourn"]
[EventCountry "AZE"]
[SourceTitle "playchess.com"]
[Source "ChessBase"]
[SourceQuality "1"]

{[%evp 15,62,13,14,9,17,7,21,5,20,8,7,0,0,0,11,-35,-16,-25,-14,-19,-26,-18,-28,-21,-10,-48,-44,-48,-28,-63,-75,-62,-37,-208,-194,-202,-181,-216,-224,-292,-285,-291,-285,-281,-297,-281,-246,-475,-471]} 1. e4 c5 2. Nf3 d6 3. d4 cxd4 4. Nxd4 Nf6 5. Nc3 a6 6. Be3 e5 7. Nf3 Qc7 8. a4 Be6 9. Be2 {B90: Sicilian Najdorf: Unusual White 6th moves, 6 Be3 Ng4 and 6 Be3 e5.} h6 10. a5 Qc6 11. Nd2 {The position is equal.} Nbd7 12. O-O Be7 13. Bf3 O-O 14. Nb3 Rfc8 {[#]} 15. Nc1 $146 ({Predecessor:} 15. Re1 Bd8 16. Re2 b5 17. Nd5 Bxd5 18. exd5 Qb7 19. g3 Bc7 20. Nc1 Bb8 21. Na2 {1-0 (57) Afanasiev,N (2498)-Hayrapetyan,H (2474) Moscow 2020}) 15... b6 16. axb6 Nxb6 17. Nb3 Nc4 18. Na5 Nxa5 19. Rxa5 Bd8 20. Ra1 Rab8 $36 {[%mdl 2048] Black has the initiative.} 21. Bc1 Bb6 22. h3 Bd4 23. Ra3 Kh8 24. Nd5 $2 {White does not recover from this.} (24. Re1 $15) 24... Bxd5 $19 25. exd5 Qxc2 26. Rxa6 {[#]} Bxf2+ $1 {[%mdl 512]} 27. Kh2 (27. Rxf2 Qxd1+) 27... Qxd1 28. Rxd1 e4 29. Be2 Rc2 30. Bf1 Bc5 31. Rc6 $2 {[#]} (31. Ra4 {is a better defense.}) 31... Nxd5 $1 {[%mdl 512] Weighted Error Value: White=0.35/Black=0.07} 0-1

[Event "Azerbaijan Championship 2021"]
[Site "Nakhchivan"]
[Date "2021.05.07"]
[Round "4.1"]
[White "Abasov, Nijat"]
[Black "Garayev, Kanan"]
[Result "1-0"]
[WhiteElo "2665"]
[BlackElo "2331"]
[Annotator "TA"]
[PlyCount "51"]
[EventDate "2021.05.04"]
[EventType "tourn"]
[EventCountry "AZE"]
[SourceTitle "playchess.com"]
[Source "ChessBase"]
[SourceQuality "1"]

{[%evp 13,51,0,15,10,33,40,51,39,50,60,62,67,66,51,57,49,97,105,105,91,107,95,106,102,330,322,326,320,324,313,472,479,475,470,468,452,471,485,623,617]} 1. e4 e5 2. Nf3 Nf6 3. Nxe5 d6 4. Nf3 Nxe4 5. c4 Nc6 6. d3 Nf6 7. d4 d5 {7...Be7 is not played anymore.} 8. c5 $1 {[%mdl 4] is now more promising than 8.Nc3. C01: French: Exchange Variation.} Bg4 9. Bb5 {[#]} Bxf3 $146 ({Predecessor:} 9... Be7 10. Bxc6+ bxc6 11. Qa4 Bd7 12. Ne5 O-O 13. O-O Ng4 14. Nxg4 Bxg4 15. Qxc6 Bf6 {½-½ (50) Muzychuk,A (2558)-Ju,W (2579) Doha 2016}) 10. Qxf3 {White is slightly better.} Be7 11. Nc3 O-O 12. Be3 Nb4 {aiming for ...Nc2+.} 13. Qd1 c6 14. Be2 {Strongly threatening Qb3.} b5 15. a3 {[%cal Ba2a3,Ba3a4][%mdl 32]} Na6 16. a4 $36 {[%mdl 2048] White is on the roll.} b4 17. Na2 {[%cal Bc3a2,Ba2c1,Bc1b3][%mdl 32]} Qa5 18. O-O Rab8 $2 {[#] This move loses the game for Black.} (18... Rfe8 $16 {is a better defense.}) 19. Nc1 $1 $18 b3 20. Bd2 ({Not} 20. Nxb3 Qb4 $16) 20... Nb4 21. Qe1 ({Weaker is} 21. Qxb3 Ne4 $16) ({But not} 21. Nxb3 Qc7 $18) 21... Rfc8 (21... Rfe8 $142 22. Nxb3 Qc7) 22. Nxb3 {White is clearly winning.} Qc7 {intending ...Nc2.} 23. Bxb4 Qb7 {[#]} 24. Bd1 $1 Qxb4 (24... Re8 25. Bc3) 25. Qxe7 Re8 26. Qxa7 {Weighted Error Value: White=0.02/Black=0.36} 1-0

[Event "Azerbaijan Championship 2021"]
[Site "Nakhchivan"]
[Date "2021.05.07"]
[Round "4.2"]
[White "Mamedov, Nidjat"]
[Black "Abbasov, Farid"]
[Result "1-0"]
[WhiteElo "2609"]
[BlackElo "2528"]
[Annotator "TA"]
[PlyCount "143"]
[EventDate "2021.05.04"]
[EventType "tourn"]
[EventCountry "AZE"]
[SourceTitle "playchess.com"]
[Source "ChessBase"]
[SourceQuality "1"]

{[%evp 9,143,23,20,24,59,59,64,59,75,55,58,39,71,49,70,84,93,93,110,54,97,92,120,38,103,39,111,108,118,118,132,113,118,93,90,84,118,118,129,129,118,126,165,168,154,174,162,164,178,162,169,151,159,147,187,142,166,194,189,191,204,90,92,36,37,47,117,125,569,540,434,266,241,0,226,165,125,108,108,107,106,108,108,96,108,107,99,99,333,270,325,326,326,326,323,321,411,422,424,422,393,386,442,442,638,623,2414,982,957,920,1578,1568,1520,1026,1505,1320,6130,6123,6123,6123,6116,6108,6108,6108,5012,3618,2713,2081,1460,1100,6101,5441,6101,5962,5939,5865]} 1. e4 c6 2. d4 d5 3. e5 Bf5 4. Nd2 e6 5. Nb3 a5 6. a4 {B12: Caro-Kann: Advance Variation.} Na6 7. c3 Qb6 8. Nf3 {White is slightly better.} Ne7 9. Be2 {[#]} Ng6 $146 ({Predecessor:} 9... Nb8 10. O-O Nd7 11. Nh4 Be4 12. Nd2 Bg6 13. Re1 c5 14. Nxg6 hxg6 15. Nf3 cxd4 16. cxd4 {1-0 (44) Sasikiran,K (2625)-Korevand,S (2044) Hamedan 2018}) 10. O-O h5 11. Ne1 h4 12. Be3 f6 13. Bd3 Ne7 14. f4 (14. h3 $16) 14... Be4 15. Nd2 f5 16. Rb1 (16. Ndf3 $16) 16... Nc7 (16... h3 $14) 17. Ndf3 (17. h3 $16) 17... Ng6 (17... h3 $14) 18. Ng5 $16 Be7 {...Bxg5 would now be nice for Black.} 19. Nef3 Qa7 20. b3 b6 21. c4 Rd8 22. Qe2 Bxf3 23. Nxf3 (23. gxf3 $6 h3 $11) 23... Bb4 24. Rbc1 Ba3 25. Rc2 Ne7 26. Qf2 h3 27. g3 c5 28. Rd1 dxc4 29. bxc4 (29. Bxc4 Ned5 $16) 29... cxd4 30. Nxd4 (30. Bxd4 Na6 $16) 30... Bc5 31. Bf1 Qa8 {[#]} 32. Nb5 $1 {[%mdl 512]} Nxb5 (32... Na6 33. Rd6) 33. Rxd8+ Qxd8 34. Bxc5 (34. cxb5 $6 Bxe3 35. Qxe3 Kf7 $14) 34... bxc5 35. cxb5 (35. axb5 $18 Qc7 36. Rd2) 35... Kf7 36. Rxc5 ({Better is} 36. Qd2 $16) 36... Qd1 $14 37. Rc7 Rd8 ({Black should try} 37... Rc8 $14 38. Rxc8 Nxc8) 38. Qa7 $1 $16 Qd4+ $2 {[%mdl 8192]} (38... Re8 $16 {is more resistant.}) 39. Qxd4 $18 Rxd4 {[%mdl 4096] Endgame KRB-KRN} 40. Bc4 {Black must now prevent b6.} Rd1+ 41. Bf1 $2 ({White must play} 41. Kf2 $1 $18 Rd2+ 42. Be2) 41... Ke8 $2 (41... Rd4 $1 $11 42. b6 Rxa4) 42. b6 Rb1 43. b7 Kd8 44. Rc5 Rxb7 45. Rxa5 {aiming for Ra6.} Rb1 46. Ra8+ Kc7 47. Ra7+ Kd8 48. a5 Nc6 $2 (48... Nd5 $16 49. a6 (49. Rxg7 Ra1 $16) 49... Ne3) 49. Ra8+ ({But not} 49. Rxg7 Nxa5 50. Rh7 Nc4 $18) 49... Kc7 {[#]} 50. a6 $1 Ra1 51. Rg8 Kb6 52. Rxg7 Kc5 53. Rc7 Kd5 54. Kf2 Ra2+ 55. Ke3 Ra3+ {[#]} 56. Kd2 $1 {White is clearly winning.} Ra2+ (56... Kc5 $142 57. Kc2 Kb6) 57. Kc3 {Bc4+ is the strong threat.} Rxh2 {If Black can now play ...Kc5 this consolidates a bit.} 58. a7 (58. Bc4+ $142 Ke4 59. Rxc6) 58... Nxa7 59. Rxa7 {KRB-KR} Rh1 60. Be2 {Intending Bf3+ and mate.} Rg1 61. Bf3+ Kc5 62. Kd3 Rxg3 63. Ke3 Rg1 64. Rh7 Ra1 65. Rxh3 Ra3+ 66. Kf2 Kd4 67. Rh1 Ra2+ 68. Kg3 Ra7 69. Bh5 Rg7+ 70. Kf3 Rh7 71. Rd1+ Kc3 72. Be8 {Weighted Error Value: White=0.19/Black=0.48} 1-0

[Event "Azerbaijan Championship 2021"]
[Site "Nakhchivan"]
[Date "2021.05.07"]
[Round "4.3"]
[White "Durarbayli, Vasif"]
[Black "Gadimbayli, Abdulla"]
[Result "1/2-1/2"]
[WhiteElo "2606"]
[BlackElo "2470"]
[Annotator "TA"]
[PlyCount "117"]
[EventDate "2021.05.04"]
[EventType "tourn"]
[EventCountry "AZE"]
[SourceTitle "playchess.com"]
[Source "ChessBase"]
[SourceQuality "1"]

{[%evp 15,117,0,41,16,26,22,18,19,35,29,20,22,97,19,24,21,87,110,157,0,0,0,0,-45,-17,-75,-59,-66,0,0,0,0,0,-38,-36,-126,-114,-192,-128,-126,-61,-101,-35,-40,-39,-41,-22,-20,0,0,1,3,4,4,9,0,16,0,0,0,0,-8,0,-8,0,-206,-116,-117,-116,-118,-118,-179,-196,-210,-211,-240,-240,-375,-375,-375,-325,-322,-318,-332,-210,-467,-258,-258,-258,-258,-258,-243,-243,-236,-20,-20,-20,-20,-20,-20,-20,-20,-15,-20]} 1. e4 e6 2. d4 d5 3. Nc3 Bb4 4. e5 c5 5. a3 Bxc3+ 6. bxc3 Qa5 7. Bd2 Qa4 8. Qg4 g6 9. h4 {C18: French: 3 Nc3 Bb4: Main line: 7 h4 and 7 Qg4.} Nc6 10. h5 Nge7 11. Nf3 Bd7 12. Qf4 Qxc2 {[#]} 13. Rc1 $146 ({Predecessor:} 13. dxc5 gxh5 14. Ng5 Qf5 15. Qxf5 Nxf5 16. Bf4 Nfe7 17. Nf3 Ng6 18. Bg5 h4 19. Rb1 {½-½ (65) Boros,D (2504)-Vastrukhin,O (2360) Pardubice 2013}) 13... Qa4 (13... Qb2 $11) 14. Bd3 (14. Ng5 $16 O-O-O 15. Nxf7) 14... O-O-O $11 15. dxc5 d4 (15... Qxf4 $11 {keeps the balance.} 16. Bxf4 h6) 16. O-O $16 (16. Qxf7 $6 Rhf8 $11) (16. Nxd4 $6 Nxd4 17. Qxd4 (17. cxd4 Bc6 $11) 17... Qa5 $14) 16... gxh5 17. Rfe1 $2 (17. Qxf7 $6 dxc3 18. Rxc3 (18. Bxc3 Rhg8 $11) 18... Nd5 $14) (17. Nxd4 Nxd4 18. cxd4 Bc6 $15) (17. Bc2 $16 Qxa3 18. cxd4) 17... Rhg8 $11 18. Bc2 ({Wrong is} 18. Nxd4 $2 Nxd4 19. cxd4 Bc6 $19) 18... Qxa3 19. Bxh7 Nd5 $1 {[%cal Rd5f4]} 20. Qh6 (20. Qxf7 $11 Rgf8 21. Qg7) 20... dxc3 $17 21. Bg5 Rde8 {Strongly threatening ...Rh8.} 22. Bxg8 Rxg8 23. Qh7 Re8 24. Qxf7 Qxc5 25. Bf6 (25. Qh7 $15) 25... Ncb4 $1 {[%cal Rb4d3]} 26. Ng5 (26. Red1 $17) 26... Qf8 (26... Nd3 $1 $19 27. Ne4 Qc6) 27. Qh7 {[#]} Qg8 (27... Bc6 $1 $17 {White must now prevent ...Qg8.} 28. Ne4 (28. Qxh5 $2 Nd3 $19 {[%mdl 64] Double Attack}) 28... Qg8 29. Qxg8 Rxg8 30. Nxc3 Nf4) 28. Qe4 $15 Bc6 (28... a5 $17 {Hoping for ...Bc6.} 29. Rxc3+ {[%mdl 64] Decoy} Nxc3 30. Qc4+ {[%mdl 64] Double Attack} Kb8 31. Qxc3 b6) 29. Rxc3 $1 Nxc3 30. Qxb4 Nd5 31. Qc5 a6 32. Rc1 {Threatening Qd6.} Qf8 33. Qxf8 Rxf8 34. Nxe6 Rg8 35. f4 Ne3 36. Bg5 (36. Kf2 {keeps more tension.} Ng4+ 37. Ke2 Kd7 38. Ng7 Bxg2 39. e6+) 36... Nf5 $1 37. Nc5 a5 38. e6 Kc7 39. Re1 Kd6 40. Rc1 $2 (40. e7 $11 Re8 41. Kf2) 40... Nd4 (40... a4 $19 41. Nd3 Nd4) 41. Kf2 $17 Nxe6 42. Nxe6 Kxe6 {[%mdl 4096] Endgame KRB-KRB} 43. Rh1 (43. Re1+ $17 {was necessary.} Kd6 44. g3) 43... a4 $19 {[%cal Ba5a4,Ba4a3,Ba3a2][%mdl 32]} 44. Rxh5 a3 45. Rh1 a2 46. Re1+ (46. Ke3 $142) 46... Kf7 {And now ...Bd5 would win.} 47. Re7+ Kg6 48. Re6+ Kh5 49. Re1 Kg4 50. g3 $2 (50. Bf6 {was worth a try.}) 50... b5 (50... Rg6 $142 51. Bd8 {[#]} Re6 $3 {[%mdl 576] Promotion}) 51. Bf6 b4 52. Ke3 Kf5 53. Ba1 Rxg3+ 54. Kd4 {White hopes to continue with Kc5.} Rb3 $2 ({Not} 54... Kxf4 55. Rf1+ Bf3 56. Kc4 $15) ({Better is} 54... b3 $19 {...Bd7 is the strong threat.} 55. Kc5 Be4) 55. Re5+ $1 $11 {The position is equal.} Kxf4 {Threatens to win with ...Rb1.} 56. Ra5 Rb1 57. Rxa2 b3 58. Ra6 Bb5 59. Ra5 {Weighted Error Value: White=0.29/Black=0.28} 1/2-1/2

[Event "Azerbaijan Championship 2021"]
[Site "Nakhchivan"]
[Date "2021.05.07"]
[Round "4.4"]
[White "Safarli, Eltaj"]
[Black "Iskandarov, Misratdin"]
[Result "1/2-1/2"]
[WhiteElo "2598"]
[BlackElo "2535"]
[Annotator "ChessBase"]
[PlyCount "94"]
[EventDate "2021.05.04"]
[EventType "tourn"]
[EventCountry "AZE"]
[SourceTitle "playchess.com"]
[Source "ChessBase"]
[SourceQuality "1"]
[TimeControl "40/5400+30:1800+30"]

1. e4 e5 {[%emt 0:01:48]} 2. Nf3 {[%emt 0:00:00]} Nc6 {[%emt 0:00:09]} 3. Bb5 {[%emt 0:00:00]} a6 {[%emt 0:00:24]} 4. Ba4 {[%emt 0:00:00]} Nf6 {[%emt 0:01:06]} 5. O-O {[%emt 0:01:01]} Nxe4 {[%emt 0:00:26]} 6. d4 {[%emt 0:00:14]} b5 {[%emt 0:00:05]} 7. Bb3 {[%emt 0:00:03]} d5 {[%emt 0:00:07]} 8. Nxe5 {[%emt 0:00:12]} Nxe5 {[%emt 0:01:15]} 9. dxe5 {[%emt 0:00:05]} Be6 {[%emt 0:03:56]} 10. Nd2 {[%emt 0:00:26]} Nxd2 {[%emt 0:05:39]} 11. Qxd2 {[%emt 0:00:21]} c6 {[%emt 0:01:39]} 12. Qf4 {[%emt 0:02:13]} h5 {[%emt 0:06:39]} 13. c3 {[%emt 0:05:12]} Be7 {[%emt 0:05:23]} 14. Bc2 {[%emt 0:05:41]} Qd7 {[%emt 0:12:50]} 15. Qg3 {[%emt 0:03:23]} h4 {[%emt 0:04:08]} 16. Qf3 {[%emt 0:00:20]} Bg4 {[%emt 0:01:37]} 17. Qd3 {[%emt 0:04:33]} g6 {[%emt 0:03:07]} 18. h3 {[%emt 0:02:50]} Bf5 {[%emt 0:00:19]} 19. Qd4 {[%emt 0:03:58]} Qa7 {[%emt 0:11:11]} 20. Qd1 {[%emt 0:04:40]} Bxc2 {[%emt 0:01:54]} 21. Qxc2 {[%emt 0:00:04]} Qd7 {[%emt 0:00:07]} 22. a4 {[%emt 0:08:50]} O-O {[%emt 0:01:08]} 23. Be3 {[%emt 0:04:42]} Qe6 {[%emt 0:03:50]} 24. f4 {[%emt 0:01:15]} Qf5 {[%emt 0:02:14]} 25. Qf2 {[%emt 0:01:29]} Rfb8 {[%emt 0:04:54]} 26. Bc5 {[%emt 0:04:06]} Bxc5 {[%emt 0:08:08]} 27. Qxc5 {[%emt 0:00:11]} bxa4 {[%emt 0:00:04]} 28. Qxc6 {[%emt 0:01:47]} Qe6 {[%emt 0:02:32]} 29. Qxe6 {[%emt 0:00:30]} fxe6 {[%emt 0:00:04]} 30. Rf2 {[%emt 0:00:08]} Rb6 {[%emt 0:02:24]} 31. Rxa4 {[%emt 0:00:33]} Rab8 {[%emt 0:00:46]} 32. b4 {[%emt 0:01:25]} Rc8 {[%emt 0:01:56]} 33. Rfa2 {[%emt 0:01:27]} Rcc6 {[%emt 0:02:51]} 34. Kf2 {[%emt 0:04:19]} Kg7 {[%emt 0:00:24]} 35. R2a3 {[%emt 0:02:44]} g5 {[%emt 0:01:37]} 36. f5 {[%emt 0:07:49]} exf5 {[%emt 0:00:28]} 37. Ra5 {[%emt 0:00:19]} d4 {[%emt 0:07:20]} 38. cxd4 {[%emt 0:00:29]} Rxb4 {[%emt 0:00:04]} 39. Ke3 {[%emt 0:10:52]} Rb2 {[%emt 0:01:26]} 40. Rxa6 {[%emt 0:00:00]} Rxa6 {[%emt 0:00:00]} 41. Rxa6 {[%emt 0:14:41]} Rb3+ {[%emt 0:05:18]} 42. Kf2 {[%emt 0:09:32]} Rb2+ {[%emt 0:00:21]} 43. Kg1 {[%emt 0:04:03]} Rb1+ {[%emt 0:04:43]} 44. Kh2 {[%emt 0:02:05]} Rd1 {[%emt 0:00:26]} 45. Rf6 {[%emt 0:02:56]} Rxd4 {[%emt 0:00:17]} 46. Rxf5 {[%emt 0:00:01]} Kg6 {[%emt 0:00:09]} 47. Rf6+ {[%emt 0:00:03]} Kg7 {[%emt 0:00:08]} 1/2-1/2

[Event "Azerbaijan Championship 2021"]
[Site "Nakhchivan"]
[Date "2021.05.07"]
[Round "4.5"]
[White "Suleymanli, Aydin"]
[Black "Muradli, Mahammad"]
[Result "1/2-1/2"]
[WhiteElo "2520"]
[BlackElo "2449"]
[Annotator "ChessBase"]
[PlyCount "100"]
[EventDate "2021.05.04"]
[EventType "tourn"]
[EventCountry "AZE"]
[SourceTitle "playchess.com"]
[Source "ChessBase"]
[SourceQuality "1"]
[TimeControl "40/5400+30:1800+30"]

1. d4 {[%emt 0:00:00]} Nf6 {[%emt 0:03:31]} 2. c4 {[%emt 0:00:00]} e6 {[%emt 0:00:04]} 3. Nc3 {[%emt 0:00:00]} Bb4 {[%emt 0:00:04]} 4. Nf3 {[%emt 0:02:08]} b6 {[%emt 0:01:14]} 5. g3 {[%emt 0:00:28]} Bxc3+ {[%emt 0:00:09]} 6. bxc3 {[%emt 0:00:02]} Bb7 {[%emt 0:00:11]} 7. Bg2 {[%emt 0:00:05]} d6 {[%emt 0:00:24]} 8. O-O {[%emt 0:00:24]} O-O {[%emt 0:00:27]} 9. Re1 {[%emt 0:00:46]} h6 {[%emt 0:06:12]} 10. Bh3 {[%emt 0:06:23]} Re8 {[%emt 0:09:39]} 11. Qc2 {[%emt 0:09:26]} e5 {[%emt 0:04:57]} 12. Nd2 {[%emt 0:03:44]} Nc6 {[%emt 0:04:07]} 13. Bb2 {[%emt 0:00:09]} e4 {[%emt 0:06:57]} 14. e3 {[%emt 0:13:42]} Na5 {[%emt 0:03:42]} 15. c5 {[%emt 0:02:25]} dxc5 {[%emt 0:06:06]} 16. dxc5 {[%emt 0:00:37]} Qd3 {[%emt 0:00:08]} 17. Qxd3 {[%emt 0:03:47]} exd3 {[%emt 0:00:21]} 18. f3 {[%emt 0:03:37]} Ba6 {[%emt 0:07:54]} 19. e4 {[%emt 0:12:39]} Nc4 {[%emt 0:11:19]} 20. Nxc4 {[%emt 0:04:05]} Bxc4 {[%emt 0:00:02]} 21. c6 {[%emt 0:05:24]} Rad8 {[%emt 0:04:56]} 22. Kf2 {[%emt 0:10:13]} Re5 {[%emt 0:00:18]} 23. Bf1 {[%emt 0:01:01]} Rc5 {[%emt 0:04:13]} 24. Rad1 {[%emt 0:03:32]} Rxc6 {[%emt 0:01:15]} 25. Re3 {[%emt 0:01:38]} Nd7 {[%emt 0:01:03]} 26. e5 {[%emt 0:01:35]} Nc5 {[%emt 0:01:27]} 27. Ba3 {[%emt 0:00:17]} Na4 {[%emt 0:00:59]} 28. Bxd3 {[%emt 0:00:20]} Rxd3 {[%emt 0:00:34]} 29. Rdxd3 {[%emt 0:00:02]} Bxd3 {[%emt 0:00:01]} 30. Rxd3 {[%emt 0:00:00]} Rxc3 {[%emt 0:00:22]} 31. Rd8+ {[%emt 0:00:31]} Kh7 {[%emt 0:00:06]} 32. Bf8 {[%emt 0:00:41]} Rc2+ {[%emt 0:07:45]} 33. Ke3 {[%emt 0:01:00]} Rxa2 {[%emt 0:00:20]} 34. f4 {[%emt 0:04:40]} Rc2 {[%emt 0:04:31]} 35. Rd7 {[%emt 0:01:45]} Kg8 {[%emt 0:00:41]} 36. Rd8 {[%emt 0:00:01]} Rc6 {[%emt 0:03:38]} 37. f5 {[%emt 0:00:54]} Nc3 {[%emt 0:03:10]} 38. Kd3 {[%emt 0:01:26]} Nb5 {[%emt 0:01:27]} 39. Be7+ {[%emt 0:01:00]} Kh7 {[%emt 0:00:01]} 40. Rf8 {[%emt 0:00:00]} Rc3+ {[%emt 0:00:00]} 41. Kd2 {[%emt 0:01:51]} Rf3 {[%emt 0:06:32]} 42. Rxf7 {[%emt 0:00:43]} Nd4 {[%emt 0:00:56]} 43. g4 {[%emt 0:00:10]} h5 {[%emt 0:05:33]} 44. Bf6 {[%emt 0:12:55]} hxg4 {[%emt 0:01:47]} 45. Rxg7+ {[%emt 0:00:27]} Kh6 {[%emt 0:00:01]} 46. Rg6+ {[%emt 0:05:02]} Kh5 {[%emt 0:01:14]} 47. Rg5+ {[%emt 0:00:54]} Kh6 {[%emt 0:00:02]} 48. Rg6+ {[%emt 0:00:40]} Kh5 {[%emt 0:00:02]} 49. Rg5+ {[%emt 0:00:09]} Kh6 {[%emt 0:00:01]} 50. Rg6+ {[%emt 0:00:17]} Kh5 {[%emt 0:00:01]} 1/2-1/2

[Event "Azerbaijan Championship 2021"]
[Site "Nakhchivan"]
[Date "2021.05.07"]
[Round "4.6"]
[White "Asadli, Vugar"]
[Black "Sevdimaliyev, Urfan"]
[Result "1-0"]
[WhiteElo "2572"]
[BlackElo "2369"]
[Annotator "ChessBase"]
[PlyCount "41"]
[EventDate "2021.05.04"]
[EventType "tourn"]
[EventCountry "AZE"]
[SourceTitle "playchess.com"]
[Source "ChessBase"]
[SourceQuality "1"]
[TimeControl "40/5400+30:1800+30"]

1. e4 {[%emt 0:00:00]} e6 {[%emt 0:00:00]} 2. d4 {[%emt 0:04:50]} d5 {[%emt 0:00:00]} 3. Nc3 {[%emt 0:00:43]} dxe4 {[%emt 0:02:14]} 4. Nxe4 {[%emt 0:00:16]} Nd7 {[%emt 0:00:04]} 5. Nf3 {[%emt 0:02:02]} Ngf6 {[%emt 0:00:06]} 6. Nxf6+ {[%emt 0:00:17]} Nxf6 {[%emt 0:00:07]} 7. Be3 {[%emt 0:01:21]} Nd5 {[%emt 0:02:18]} 8. Bd3 {[%emt 0:03:51]} c5 {[%emt 0:10:29]} 9. O-O {[%emt 0:10:15]} Bd6 {[%emt 0:09:01]} 10. dxc5 {[%emt 0:04:06]} Nxe3 {[%emt 0:13:07]} 11. fxe3 {[%emt 0:02:25]} Bxc5 {[%emt 0:05:21]} 12. Ne5 {[%emt 0:01:23]} Bxe3+ {[%emt 0:04:12]} 13. Kh1 {[%emt 0:00:15]} Qd5 {[%emt 0:04:30]} 14. Nxf7 {[%emt 0:14:30]} O-O {[%emt 0:06:03]} 15. c4 {[%emt 0:00:09]} Qc5 {[%emt 0:13:48]} 16. b4 {[%emt 0:00:28]} Qe7 {[%emt 0:01:13]} 17. Qh5 {[%emt 0:00:26]} Bh6 {[%emt 0:02:29]} 18. Nxh6+ {[%emt 0:00:29]} gxh6 {[%emt 0:00:13]} 19. Rxf8+ {[%emt 0:00:03]} Qxf8 {[%emt 0:00:29]} 20. Rf1 {[%emt 0:00:03]} Qe7 {[%emt 0:01:19]} 21. Bxh7+ {[%emt 0:00:06]} 1-0

[Event "Azerbaijan Championship 2021"]
[Site "Nakhchivan"]
[Date "2021.05.08"]
[Round "5.1"]
[White "Abbasov, Farid"]
[Black "Abasov, Nijat"]
[Result "1/2-1/2"]
[WhiteElo "2528"]
[BlackElo "2665"]
[Annotator "TA"]
[PlyCount "63"]
[EventDate "2021.05.04"]
[EventType "tourn"]
[EventCountry "AZE"]
[SourceTitle "playchess.com"]
[Source "ChessBase"]
[SourceQuality "1"]

{[%evp 13,63,12,13,0,-14,0,0,0,0,0,0,0,13,9,21,0,37,35,44,34,56,70,62,52,49,12,37,19,37,45,67,28,53,43,40,16,22,0,7,12,2,0,15,0,0,0,0,0,0,0,0,0]} 1. d4 Nf6 2. c4 e6 3. g3 d5 4. Bg2 Be7 5. Nf3 O-O 6. O-O dxc4 7. Qc2 a6 8. Rd1 {E05: Open Catalan: 5 Nf3 Be7.} b5 9. Ne5 {9.Ng5 is vanishing.} c6 10. b3 cxb3 11. axb3 Bb7 12. Nc3 {[%cal Bb1c3,Bc3e4,Be4c5][%mdl 32]} Nbd7 {[#] 12...h6 is the recent fashion.} 13. Bg5 $146 ({Predecessor:} 13. Ne4 Rc8 14. Nc5 Nxc5 15. dxc5 Qc7 16. Nd3 Rfd8 17. Bf4 Qd7 18. Bd2 Qe8 19. Ba5 {1-0 (47) Dubov,D (2710)-Carlsen,M (2847) chess24.com INT 2021}) 13... Rc8 14. Nd3 Nd5 15. Bxe7 Qxe7 16. Ne4 Nb4 17. Nxb4 Qxb4 18. Qd2 Qe7 19. b4 {[%mdl 1024] White has compensation.} Rfd8 20. Qf4 Nb6 21. Nc5 Nc4 22. h4 Ra8 23. Qg5 f6 24. Qg4 Rd6 {The position is equal.} 25. h5 Rad8 26. h6 g6 27. e3 e5 28. Qf3 Bc8 29. Ne4 Re6 30. Nc5 Red6 31. Ne4 Re6 32. Nc5 {Weighted Error Value: White=0.07/Black=0.08} 1/2-1/2

[Event "Azerbaijan Championship 2021"]
[Site "Nakhchivan"]
[Date "2021.05.08"]
[Round "5.2"]
[White "Iskandarov, Misratdin"]
[Black "Mamedov, Nidjat"]
[Result "0-1"]
[WhiteElo "2535"]
[BlackElo "2609"]
[Annotator "TA"]
[PlyCount "66"]
[EventDate "2021.05.04"]
[EventType "tourn"]
[EventCountry "AZE"]
[SourceTitle "playchess.com"]
[Source "ChessBase"]
[SourceQuality "1"]

{[%evp 14,66,32,25,29,29,29,19,41,47,81,25,33,0,0,0,0,0,0,-45,-46,-95,-93,-89,-95,-121,-111,-104,-106,-108,-99,-178,-179,-217,-225,-215,-217,-226,-224,-359,-339,-410,-398,-729,-718,-1850,-1210,-5704,-5214,-5169,-4770,-1379,-1259,-1272,-1193]} 1. c4 e5 2. Nc3 Nf6 3. Nf3 Nc6 4. e3 d5 5. cxd5 Nxd5 6. Bb5 Nxc3 7. bxc3 Bd6 8. d4 Bd7 {Nowadays more popular than 8...exd4. A28: English Opening: Four Knights Variation.} 9. Rb1 Qe7 10. O-O Rd8 {[#] The position is equal.} 11. c4 $146 ({Predecessor:} 11. Bxc6 bxc6 12. dxe5 Bxe5 13. Nxe5 Qxe5 14. Qd4 Qxd4 15. exd4 Be6 16. Rb7 c5 17. dxc5 Bxa2 18. Rxa7 {1-0 (52) Francsics,E (2534)-Borocz,I (2487) Hungary 2004}) 11... Bf5 12. Bxc6+ (12. Qb3 $16) 12... bxc6 $11 13. Rb7 {Hoping for Qa4.} c5 14. dxe5 Bxe5 15. Qa4+ Bd7 16. Qxa7 (16. Qb3 {feels hotter.} Bc6 17. Rxa7 Bxf3 18. gxf3 Qh4 19. Qb5+) 16... Bd6 17. Rxc7 {Black continues to play with concentration.} Bxc7 18. Qxc7 O-O 19. Bb2 Rc8 {[%mdl 1024] Black has strong compensation.} 20. Qf4 f6 21. e4 Bc6 22. e5 (22. Re1 $17) 22... Qb7 $19 23. Ba1 {[%cal Re5f6]} fxe5 24. Qxe5 Bxf3 25. gxf3 Rxf3 26. Rd1 (26. Qe6+ {was necessary.} Rf7 27. Rd1) 26... Qf7 27. Qg5 h6 28. Qg4 (28. Qd5) 28... Rc6 {[#] White must now prevent ...Rg6!Black is clearly winning.} 29. Kh1 Rxf2 30. Rd8+ Kh7 {( -> ...Rg6)} 31. Rd7 Rf1+ {[%mdl 64] [#] Double Attack} 32. Kg2 Qf2+ {[%mdl 64] Double Attack} 33. Kh3 Qe3+ {Weighted Error Value: White=0.73/Black=0.03} 0-1